000 00536nam a2200193 a 4500
005 20140310183349.0
008 070614s19uu xx 00 eng d
020 _a184533017x
050 _aTR 267
_b.An53 2005
100 _aAng, Tom
245 _aDigital photography.
260 _aLondon :
_bOctopus Publishing Group Ltd,
_c1999.
300 _a159 p. :
_bill. ;
_c27 cm.
521 _aMA
650 _aPhotography
_xDigital technique.
650 _aImage processing
_xDigital technique.
942 _cBK
_2lcc
_kFOR
999 _c22043
_d22043